The economist year book

Đã lưu trong:
書目詳細資料
格式: 圖書
語言:Undetermined
出版: London 1992
主題:
標簽: 添加標簽
沒有標簽, 成為第一個標記此記錄!
Thư viện lưu trữ: Trung tâm Học liệu Trường Đại học Cần Thơ
LEADER 00491nam a2200169Ia 4500
001 CTU_104580
008 210402s9999 xx 000 0 und d
020 |c 25 
082 |a 909 
082 |b E19 
245 4 |a The economist year book 
260 |a London 
260 |c 1992 
650 |a World politics,History, modern,Chính trị thế giới,Lịch sử, Hiện đại 
650 |y 1945-,1945- 
904 |i Tuyến 
980 |a Trung tâm Học liệu Trường Đại học Cần Thơ